لغة البرمجة فيجوال بيسك نت = (رقم التسجيلة. 17755)
[ عرض عادي ]
| 000 -الفاتح | |
|---|---|
| حقل البيانات ثابتة الطول | 00909nam a2200241 a 4500 |
| 001 - رقم الضبط | |
| رقم الضبط | AUC_OC_73020 |
| 003 - محدد رقم الضبط | |
| رقم الضبط | OSt |
| 005 - وقت وتاريخ اخر تعامل مع التسجيلة | |
| رقم الضبط | 20150408113942.0 |
| 008 - عناصر البيانات ثابتة الطول - معلومات عامة | |
| حقل البيانات ثابتة الطول | 091103s2008____su g 000r0 ara c |
| 040 ## - مصدر الفهرسة | |
| وكالة الفهرسة الأصلية | MU |
| لغة الفهرسة | ara |
| وكالة النسخ | MB |
| 082 04 - رقم تصنيف ديوى العشرى | |
| رقم التصنيف | 005.133 |
| رقم الطبعة | 21 |
| 100 1# - المدخل الرئيسى - إسم شخصى | |
| الإسم الشخصى | بحبوح، حسين إسماعيل طياوي |
| 9 (RLIN) | 7315 |
| 245 10 - بيان العنوان | |
| العنوان | لغة البرمجة فيجوال بيسك نت = |
| بقية العنوان | Visual Basic / |
| بيان المسئوليه,etc | تأليف حسين طياوي بحبوح، هيثم صديق الحسن. |
| 246 31 - العنوان الموازى | |
| عنوان صحيح/عنوان مختصر | Visual Basic |
| 250 ## - بيان الطبعة | |
| بيان الطبعة | ط. 1. |
| 260 ## - PUBLICATION, DISTRIBUTION, ETC. (IMPRINT) | |
| مكان الناشر او الموزع | الرياض : |
| اسم الناشر او الموزع | مكتبة الرشد، |
| تاريخ النشر أو التوزيع | 2008 |
| 300 ## - الوصف المادى | |
| التعداد | 468 ص. ؛ |
| أبعاد الوعاء | 24 سم. |
| 650 07 - المدخل الاضافى بالموضوع-مصطلح موضوعى | |
| مصطلح موضوعي أو اسم جغرافي كعنصر مدخل | فيجوال بيسك (لغة برمجة) |
| مصدر الرأس أو المصطلح | aucsh |
| 650 #7 - المدخل الاضافى بالموضوع-مصطلح موضوعى | |
| مصطلح موضوعي أو اسم جغرافي كعنصر مدخل | البرمجة (حاسبات إلكترونية) |
| مصدر الرأس أو المصطلح | aucsh |
| 650 #7 - المدخل الاضافى بالموضوع-مصطلح موضوعى | |
| مصطلح موضوعي أو اسم جغرافي كعنصر مدخل | الحاسبات الإلكترونية |
| التقسيم الفرعي العام | لغات |
| مصدر الرأس أو المصطلح | aucsh |
| 9 (RLIN) | 3272 |
| 700 1# - المدخل الاضافى - اسم شخصى | |
| الإسم الشخصى | الحسن، هيثم صديق |
| 9 (RLIN) | 7316 |
| 942 ## - عناصر المدخل الإضافي( كوها) | |
| مصدر التصنيف او مخطط الترفيف | Dewey Decimal Classification |
| Koha [default] item type | كتاب |
| حالة الفقد | نموذج السعر الفعال | حالة تلف | ليس للاعارة | رقم الطلب | تاريخ الاكتساب | الموقع الحالي | الباركود | الفرع الرئيسي | Date last seen | نوع المادة فى نظام كوها | مصدر التصنيف او خطة الترفيف | Total Checkouts |
|---|---|---|---|---|---|---|---|---|---|---|---|---|
| 2013-03-10 | 005.133 ب ح ل | 2011-12-08 | كلية الشريعة والقانون - طلاب | 00073688 | كلية الشريعة والقانون - طلاب | 2013-03-10 | كتاب | Dewey Decimal Classification |
